000 00443nam a22001577a 4500
005 20251108164107.0
008 250721s9999 xx 000 0 ara d
082 1 4 _a301/طلع
100 1 _aلطفي، طلعت إبراهيم
245 1 0 _aمدخل إلى علم الإجتماع /
264 1 _aالقاهرة :
_bمكتبة غريب،
_c[19-].
300 _a261ص
650 1 7 _aعلم الإجتماع
942 _2ddc
_cBK
999 _c3452
_d3452